| 000 | 00378nam a2200133Ia 4500 | ||
|---|---|---|---|
| 008 | 231129s9999||||xx |||||||||||||| ||spa|| | ||
| 020 | _a978-958-8253-45-9 | ||
| 040 | _bspa | ||
| 082 | _a986.0003 L789m | ||
| 100 | _aLizarazo Alberto | ||
| 245 | 0 | _aMuisacá: Las cinco ciudades de los muiscas | |
| 264 | _aEditorial Unión | ||
| 942 |
_2ddc _cBKS |
||
| 999 |
_c21459 _d21459 |
||